000 00975cam a2200313 i 4500
001 200129790
003 TR-AnTOB
005 20260410140524.0
007 ta
008 130612t19721965eng||||| |||| 00| 0 tur d
040 _aTR-AnTOB
_beng
_erda
_cTR-AnTOB
041 0 _aeng
050 1 4 _aPR5486
_b.A2 1972
090 _aPR5486
_b.A2 1972
100 1 _aStevenson, Robert Louis,
_d1850-1894
_946233
_eauthor
245 1 0 _aTreasure Island /
_cby Robert Louis Stevenson.
250 _aAbridged impression.
264 1 _aLondon :
_bBancroft Books,
_c1972.
300 _a152 pages ;
_c21 cm
336 _atext
_btxt
_2rdacontent
337 _aunmediated
_bn
_2rdamedia
338 _avolume
_bnc
_2rdacarrier
650 0 _aPirates
_vFiction
_990715
650 0 _aTreasure troves
_vFiction
_990714
650 0 _aTreasure Island (Imaginary place)
_vFiction
_990713
655 0 _aSea stories
_990716
942 _cBK
_2lcc
999 _c200129790
_d32261